000 00477nam a2200157 4500
001 112161
003 ES-MaACL
005 20230906185445.0
007 t|
008 061121s1920 sp r ||||1| spa d
100 1 _aOrtega, Elvira.
_987402
245 1 0 _aAgudeza tactil del niño ciego comparada con la del niño vidente /
_cElvira Ortega.
260 _aMadrid :
_b[s.n.],
_c1920 (
_fImp. Hijos de M. G. Hernández)
300 _a211 p. ;
_c22 cm.
852 _aES-MaACL
_jF-6010
999 _c112161
_d112161